[Event "Wch Blitz"]
[Site "Samarkand"]
[Date "2023.12.29"]
[Round "11"]
[White "Quparadze, Giga"]
[Black "Bryakin, Mikhail"]
[Result "1-0"]
[WhiteElo "2491"]
[BlackElo "2486"]
[PlyCount "59"]
[EventDate "2023.12.29"]
[EventType "swiss (blitz)"]
[EventRounds "21"]
[EventCountry "UZB"]
[SourceTitle "CB01_2024"]
[SourceDate "2024.01.03"]
[SourceVersion "1"]
[SourceVersionDate "2024.01.03"]
[SourceQuality "1"]

1. e4 c6 2. d4 d5 3. f3 g6 4. Be3 Bg7 5. Nc3 Qb6 6. Rb1 Nf6 7. Qd2 dxe4 8. Nxe4 Bf5 9. Nxf6+ Bxf6 10. Ne2 0-0 11. Ng3 Rd8 12. Nxf5 gxf5 13. c3 Qa5 14. Bc4 c5 15. b4 cxb4 16. Rxb4 Qc7 17. Bf4 Qd7 18. 0-0 Nc6 19. Rb5 e5 20. Bg5 Qe7 21. Bxf6 Qxf6 22. Rxb7 Ne7 23. Re1 Rac8 24. Bb3 Kf8 25. dxe5 Qc6 26. Qg5 Qxb7 27. e6 Qb6+ 28. Kh1 Ng8 29. exf7 Nh6 30. Qg8+ 1-0

[Event "Tbilisi Champions Cup"]
[Site "Tbilisi"]
[Date "2023.10.19"]
[Round "7"]
[White "Qalichava, Akaki"]
[Black "Quparadze, Giga"]
[Result "1/2-1/2"]
[WhiteElo "2123"]
[BlackElo "2494"]
[PlyCount "117"]
[EventDate "2023.10.13"]
[EventType "swiss"]
[EventRounds "9"]
[EventCountry "GEO"]
[SourceTitle "Mega2024 Update 01"]
[Source "Chessbase"]
[SourceDate "2023.11.12"]
[SourceVersion "1"]
[SourceVersionDate "2023.11.12"]
[SourceQuality "1"]

1. e4 c5 2. Nf3 a6 3. d4 cxd4 4. Nxd4 Nf6 5. Nc3 e5 6. Nf3 Bb4 7. Bd2 d6 8. Bc4 Be6 9. Qe2 Qc8 10. Bb3 0-0 11. 0-0 Bxc3 12. Bxc3 Nbd7 13. Rad1 Qc6 14. Rfe1 Nc5 15. Nd2 b5 16. Bb4 Bxb3 17. axb3 Ne6 18. Nf3 Rfd8 19. Ba5 Rd7 20. Bc3 Qb7 21. b4 Rc8 22. g3 h6 23. Nh4 Rc4 24. f3 g6 25. Ng2 Qa7+ 26. Qf2 Nd4 27. Ne3 Rc8 28. Kg2 Nc6 29. Qd2 Qb7 30. Nd5 Nxd5 31. Qxd5 Qc7 32. f4 Re8 33. Rf1 Kh7 34. Rf2 exf4 35. gxf4 a5 36. bxa5 b4 37. Bf6 Nxa5 38. Rd3 Re6 39. Bd4 Nc6 40. f5 gxf5 41. exf5 Re8 42. Rg3 Ne5 43. Kh3 Qb7 44. Qxb7 Rxb7 45. Rf4 Rg8 46. Rb3 Rc7 47. c3 bxc3 48. Rxc3 Rb7 49. Rg3 Rg5 50. Bc3 Kg7 51. Rd4 Kf6 52. Rxd6+ Kxf5 53. Rxh6 Ng6 54. Rxg5+ Kxg5 55. Rh7 Nf4+ 56. Kg3 Ne2+ 57. Kf3 Nxc3 58. bxc3 Rc7 59. Kf2 1/2-1/2

[Event "Tbilisi Champions Cup"]
[Site "Tbilisi"]
[Date "2023.10.17"]
[Round "5"]
[White "Kekelidze, Mikheil"]
[Black "Quparadze, Giga"]
[Result "1/2-1/2"]
[WhiteElo "2332"]
[BlackElo "2494"]
[PlyCount "24"]
[EventDate "2023.10.13"]
[EventType "swiss"]
[EventRounds "9"]
[EventCountry "GEO"]
[SourceTitle "Mega2024 Update 01"]
[Source "Chessbase"]
[SourceDate "2023.11.12"]
[SourceVersion "1"]
[SourceVersionDate "2023.11.12"]
[SourceQuality "1"]

1. e4 c5 2. Nf3 e6 3. Nc3 a6 4. d4 cxd4 5. Nxd4 b5 6. Bd3 Qb6 7. Be3 Bc5 8. Be2 Nc6 9. Nxc6 Bxe3 10. fxe3 dxc6 11. Qd4 Qxd4 12. exd4 e5 1/2-1/2

[Event "Tbilisi Champions Cup"]
[Site "Tbilisi"]
[Date "2023.10.13"]
[Round "1"]
[White "Safarov, Deniel"]
[Black "Quparadze, Giga"]
[Result "1-0"]
[WhiteElo "1981"]
[BlackElo "2494"]
[PlyCount "106"]
[EventDate "2023.10.13"]
[EventType "swiss"]
[EventRounds "9"]
[EventCountry "GEO"]
[SourceTitle "Mega2024 Update 01"]
[Source "Chessbase"]
[SourceDate "2023.11.12"]
[SourceVersion "1"]
[SourceVersionDate "2023.11.12"]
[SourceQuality "1"]

1. e4 c5 2. Nf3 a6 3. Nc3 e6 4. d4 cxd4 5. Nxd4 b5 6. Bd3 Bb7 7. 0-0 Nc6 8. Nxc6 Bxc6 9. Re1 Qb8 10. Nd5 Bd6 11. h3 Ne7 12. Nxe7 Bxe7 13. e5 Qb7 14. Qg4 h5 15. Qg3 0-0-0 16. c4 h4 17. Qe3 b4 18. a3 b3 19. c5 Kb8 20. Bd2 Rc8 21. Rac1 Bxg2 22. Bxa6 Qxa6 23. Kxg2 Qc6+ 24. Kh2 Bxc5 25. Qxb3+ Qb7 26. Qxb7+ Kxb7 27. Kg2 Bb6 28. b4 Rxc1 29. Rxc1 Ra8 30. Rc3 f6 31. Rd3 Kc8 32. f4 Bc7 33. Rc3 Kb8 34. Re3 Kb7 35. Rd3 Kc8 36. Rc3 Kd8 37. Be1 g5 38. fxg5 Bxe5 39. Rf3 Ke7 40. gxf6+ Bxf6 41. b5 d6 42. b6 Rg8+ 43. Kf1 Bd4 44. Bxh4+ Kd7 45. Rf7+ Kc6 46. b7 Rg1+ 47. Ke2 Rb1 48. Kd3 Be5 49. Bf2 d5 50. Ba7 Bc7 51. Rxc7+ Kxc7 52. b8Q+ Rxb8 53. Bxb8+ Kxb8 1-0

[Event "Yerevan Yeghiazaryan Memorial"]
[Site "Yerevan"]
[Date "2023.08.03"]
[Round "3"]
[White "Quparadze, Giga"]
[Black "Gasparyan, Erik R"]
[Result "1-0"]
[WhiteElo "2498"]
[BlackElo "2324"]
[PlyCount "63"]
[EventDate "2023.08.01"]
[EventType "tourn"]
[EventRounds "9"]
[EventCountry "ARM"]
[EventCategory "6"]
[SourceTitle "CBM 215 Extra"]
[Source "ChessBase"]
[SourceDate "2023.09.30"]
[SourceVersion "1"]
[SourceVersionDate "2023.09.30"]
[SourceQuality "1"]

1. e4 c5 2. Nf3 e6 3. Nc3 Nc6 4. d4 cxd4 5. Nxd4 Nf6 6. Nxc6 bxc6 7. e5 Nd5 8. Ne4 Qc7 9. f4 Rb8 10. c4 Bb4+ 11. Ke2 0-0 12. cxd5 cxd5 13. Ng5 h6 14. Nf3 f6 15. exf6 Rxf6 16. Kf2 Qb6+ 17. Be3 Bc5 18. Qd2 Rxf4 19. Rc1 Bxe3+ 20. Qxe3 Qxb2+ 21. Kg3 e5 22. h3 d6 23. Bd3 d4 24. Qe1 Qa3 25. Rb1 Rb6 26. Qe2 Bb7 27. Rhc1 Rf7 28. Kh2 Qa5 29. Bc4 Bd5 30. Nxe5 Rf4 31. Ng6 d3 32. Bxd5+ 1-0

[Event "Poti op 16th"]
[Site "Poti"]
[Date "2023.07.18"]
[Round "7"]
[White "Chkhaidze, Nikoloz"]
[Black "Quparadze, Giga"]
[Result "0-1"]
[WhiteElo "2293"]
[BlackElo "2512"]
[PlyCount "52"]
[EventDate "2023.07.12"]
[EventType "swiss"]
[EventRounds "9"]
[EventCountry "GEO"]
[SourceTitle "EXT 2024"]
[Source "ChessBase"]
[SourceDate "2023.10.10"]
[SourceVersion "1"]
[SourceVersionDate "2023.10.10"]
[SourceQuality "1"]

1. e4 c5 2. c3 Nf6 3. e5 Nd5 4. Nf3 d6 5. exd6 e6 6. g3 Bxd6 7. Bg2 0-0 8. 0-0 Nc6 9. d4 b6 10. c4 Nde7 11. Nc3 Bb7 12. Ne4 cxd4 13. Nxd4 Be5 14. Nf3 Qxd1 15. Rxd1 Rad8 16. Re1 Bb8 17. b3 Nb4 18. Ba3 Nc2 19. Bxe7 Nxa1 20. Rxa1 Bxe4 21. Re1 Bg6 22. Bf1 Rd7 23. Bxf8 Kxf8 24. Nh4 Bc2 25. Rc1 Bd1 26. c5 Bc7 0-1

[Event "Poti op 16th"]
[Site "Poti"]
[Date "2023.07.15"]
[Round "4"]
[White "Quparadze, Giga"]
[Black "Manukyan, Sargis A"]
[Result "1-0"]
[WhiteElo "2512"]
[BlackElo "2201"]
[PlyCount "83"]
[EventDate "2023.07.12"]
[EventType "swiss"]
[EventRounds "9"]
[EventCountry "GEO"]
[SourceTitle "EXT 2024"]
[Source "ChessBase"]
[SourceDate "2023.10.10"]
[SourceVersion "1"]
[SourceVersionDate "2023.10.10"]
[SourceQuality "1"]

1. e4 c5 2. Nf3 d6 3. d4 cxd4 4. Nxd4 Nf6 5. Nc3 g6 6. Be3 Bg7 7. f3 0-0 8. Qd2 Nc6 9. 0-0-0 d5 10. exd5 Nxd5 11. Nxc6 bxc6 12. Bd4 Nxc3 13. Qxc3 Bh6+ 14. Be3 Bxe3+ 15. Qxe3 Qb6 16. Re1 Be6 17. h4 Rab8 18. Qc3 Rfd8 19. h5 Qd4 20. Qxd4 Rxd4 21. b3 a5 22. Bd3 Kg7 23. Kb2 c5 24. Re5 Rc8 25. Rhe1 Rb4 26. Kc3 Rb6 27. R1e4 Rb4 28. Bc4 Kf6 29. Bxe6 Rxe4 30. Rxe4 fxe6 31. hxg6 hxg6 32. Kc4 e5 33. Kb5 Ke6 34. f4 Kf5 35. Rxe5+ Kxf4 36. Rxe7 g5 37. a4 g4 38. Kxa5 c4 39. b4 c3 40. b5 Kg3 41. b6 Kxg2 42. b7 1-0

[Event "Batumi Municipality Cup"]
[Site "Batumi"]
[Date "2023.07.06"]
[Round "5"]
[White "Qalichava, Akaki"]
[Black "Quparadze, Giga"]
[Result "0-1"]
[WhiteElo "2242"]
[BlackElo "2512"]
[PlyCount "84"]
[EventDate "2023.07.02"]
[EventType "swiss"]
[EventRounds "9"]
[EventCountry "GEO"]
[SourceTitle "CBM 215 Extra"]
[Source "ChessBase"]
[SourceDate "2023.09.30"]
[SourceVersion "1"]
[SourceVersionDate "2023.09.30"]
[SourceQuality "1"]

1. e4 c5 2. Nf3 e6 3. d4 cxd4 4. Nxd4 Nc6 5. Nc3 a6 6. Be3 Nf6 7. Qd2 Bb4 8. f3 d5 9. a3 Be7 10. exd5 Nxd5 11. Nxd5 Qxd5 12. c4 Qd7 13. Nxc6 Qxc6 14. Bd3 0-0 15. 0-0 e5 16. Rac1 f5 17. Qe2 Be6 18. c5 Rad8 19. b4 Bd5 20. Qc2 Qe6 21. Bc4 Bxc4 22. Qxc4 Qxc4 23. Rxc4 Kf7 24. Kf2 Rd3 25. Bc1 Rfd8 26. Re1 Bf6 27. Rc2 Bh4+ 28. g3 Bf6 29. Re3 e4 30. Ke2 Bg5 31. f4 Bf6 32. c6 bxc6 33. Rxc6 Rd1 34. Rb3 Rh1 35. h4 Rdd1 36. Bd2 Ra1 37. Rc7+ Kg6 38. Bc3 Ra2+ 39. Ke3 Rhh2 40. h5+ Kh6 41. Bxf6 Rad2 42. Bxg7+ Kxh5 0-1

[Event "Batumi Municipality Cup"]
[Site "Batumi"]
[Date "2023.07.04"]
[Round "3"]
[White "Yeremyan, Alen"]
[Black "Quparadze, Giga"]
[Result "0-1"]
[WhiteElo "2287"]
[BlackElo "2512"]
[PlyCount "96"]
[EventDate "2023.07.02"]
[EventType "swiss"]
[EventRounds "9"]
[EventCountry "GEO"]
[SourceTitle "CBM 215 Extra"]
[Source "ChessBase"]
[SourceDate "2023.09.30"]
[SourceVersion "1"]
[SourceVersionDate "2023.09.30"]
[SourceQuality "1"]

1. Nf3 c5 2. g3 Nc6 3. d4 cxd4 4. Nxd4 g6 5. Bg2 Bg7 6. Nxc6 bxc6 7. 0-0 Rb8 8. Nd2 Qc7 9. Rb1 Nf6 10. c4 0-0 11. b3 h5 12. Bb2 h4 13. c5 Ba6 14. Nf3 hxg3 15. hxg3 Qa5 16. Qc2 Nd5 17. Ne5 Nf6 18. a3 Qb5 19. b4 Qxe2 20. Qxe2 Bxe2 21. Rfe1 Bb5 22. Rbd1 Rfd8 23. Rd2 Ba4 24. Re3 a5 25. Bc3 axb4 26. Bxb4 Bh6 27. f4 e6 28. Rd4 Bc2 29. g4 g5 30. Rd2 Bh7 31. Rh3 Bg7 32. fxg5 Nd5 33. Bxd5 cxd5 34. Nd3 e5 35. Ne1 d4 36. Nf3 Re8 37. Kf1 d3 38. Nh4 e4 39. Nf5 Be5 40. Ne3 Bf4 41. Rf2 Bxg5 42. Rfh2 Bg6 43. Nf5 Bxf5 44. gxf5 Rxb4 45. axb4 Kg7 46. Rg2 Kf6 47. Rg1 e3 48. Kg2 d2 0-1